00825nam a2200241Ia 450000500170000000800410001702000150005804100080007308200200008110000280010124500980012925000220022730000260024949000510027565000340032665000540036065000190041426400270043333600270046033700330048733800280052004000350054820220316235619.0121119s2003 mx gr 000 0 spa  a968184100X0 aspa04a540.0724 bV15Q1 aVanCleave, Janice Pratt10aQuímica para niños y jóvenes b101 experimentos superdivertidoscJanice Pratt VanCleave aPrimera edición a250 páginas c21 cm0 aBiblioteca cientifica para niños y jóvenes aQuímica xEnseñanza2LEMB14aExperimentación científicaxEnseñanza2LEMB14aGravedad2LEMB aMéxicobLimusac2003 atextobtxt2rdacontent asin mediaciónbn2rdamedia avolumenbnc2rdacarrier aCO-BoRNBPbspaerdacCO-BoRNBP